00603cam a22002053a 450000100060000000300060000600500170001200800410002904000150007004200070008505000070009205000070009924501000010626000290020650600300023551600200026565300410028583000290032685600420035518395PGUSA20140828083406.0060515s2006||||xxu|||||s|||||000 | eng d aPGUSAbeng adc 4aAP 4aPZ14aThe Girl's Own Paper, Vol. VIII :bNo. 356, October 23, 1886.h[electronic resource] /cVarious bProject Gutenberg,c2006 aPublic domain in the USA. aElectronic text aChildren's literature -- Periodicals 0aProject Gutenbergv1839540uhttp://www.gutenberg.org/ebooks/18395